| 000 | 00781nam a2200253 4500 | ||
|---|---|---|---|
| 001 | 35229 | ||
| 010 | _a9789722417730 | ||
| 021 | _aPT | ||
| 090 | _a35229 | ||
| 100 | _a20221018 frey50 | ||
| 101 | 0 | _apor | |
| 102 | _aPT | ||
| 200 | 1 |
_aZé dos bichos _fLuísa Ducla Soares _gil. Danuta Wojciechowska |
|
| 210 | 9 |
_a[Lisboa] _cLivros Horizonte, _d2014 |
|
| 215 |
_a[26] p. _cil. _d22 cm |
||
| 675 |
_a087.5 _vBN _zpor |
||
| 675 |
_a821.134.3-93"19/20" _vBN _zpor |
||
| 675 |
_a821.134.3-34"19/20" _vBN _zpor |
||
| 700 | 1 |
_aSoares, _bLuísa Ducla, _f1939- _92431 |
|
| 702 | 1 |
_aWojciechowska, _bDanuta, _f1960- _4440 _92379 |
|
| 801 | 0 |
_aPT _bBN _gRPC |
|
| 856 | 4 | 1 | _uhttp://rnod.bnportugal.gov.pt/ImagesBN/winlibimg.aspx?skey=&doc=1926061&img=74545&save=true |
| 990 | _cLIVROS | ||
| 994 | _aCOMP | ||